000
00215 a2200097 4500
001
57997
100
_a
245
_a
College physics
260
_a
Boston
_b
McGraw-Hill Higher Education
_c
2007
090
_c
35512
_d
35512
942
_a
NUST-CAE
_c
_c
28350
999
_c
293070
_d
293070